| 000 | 00445nam a2200169Ia 4500 | ||
|---|---|---|---|
| 008 | 220204s9999 xx 000 0 und d | ||
| 082 |
_a31:631 _bPAN |
||
| 100 | _aPANSE, V G | ||
| 245 | 0 | _aStatistical methods for agricultural workers | |
| 260 |
_aDelhi _bICAR _c1957 |
||
| 650 | _aExperimental design | ||
| 650 | _aPlant breeding trials | ||
| 650 | _aRegression | ||
| 650 | _aStatistical methods | ||
| 700 | _aSUKHATME, P V | ||
| 942 | _cBK | ||
| 999 |
_c19621 _d19621 |
||